000
00282nam a22001337a 4500
008
180112b xxu||||| |||| 00| 0 eng d
020
_a
2900195445830
041
_a
eng
080
_a
316
100
_a
51
101
_a
SOC
245
_a
MAKING SENSE
_c
MARGOT.N
942
_2
udc
_c
BK
999
_c
40200
_d
40200